[Event "Weymouth Major op"]
[Site "Weymouth"]
[Date "2008.10.26"]
[Round "4"]
[White "Boomsma, Brian H"]
[Black "Pooley, Robert F"]
[Result "0-1"]
[WhiteElo "1760"]
[BlackElo "1616"]
[PlyCount "88"]
[EventDate "2008.10.24"]
[EventType "swiss"]
[EventRounds "5"]
[EventCountry "ENG"]
[SourceTitle "EXT 2011"]
[Source "ChessBase"]
[SourceDate "2010.11.26"]
[SourceVersion "1"]
[SourceVersionDate "2010.11.26"]
[SourceQuality "1"]

1. e4 e6 2. d4 d5 3. Nd2 c5 4. exd5 exd5 5. Ngf3 Nc6 6. dxc5 Bxc5 7. Nb3 Bb6 8. c3 Nge7 9. Be2 0-0 10. 0-0 h6 11. Nbd4 Nf5 12. Bf4 Nfxd4 13. Nxd4 Qf6 14. Be3 Re8 15. Bf3 Ne5 16. Bxd5 Ng4 17. h3 Qd6 18. Bxf7+ Kxf7 19. hxg4 Bc7 20. g3 Kg8 21. Bf4 Qd7 22. Bxc7 Qxc7 23. Qf3 Bd7 24. Rfe1 Qc4 25. Qxb7 Bxg4 26. Qb3 Qf7 27. Qxf7+ Kxf7 28. Kg2 Rab8 29. Rxe8 Rxe8 30. f3 Bd7 31. Kf2 Rb8 32. b3 a5 33. Ke3 Kf6 34. c4 Ke5 35. Rd1 a4 36. Rb1 Kd6 37. b4 Re8+ 38. Kd3 Kc7 39. c5 Rd8 40. b5 Bf5+ 41. Kc4 Rxd4+ 42. Kxd4 Bxb1 43. a3 Ba2 44. Kc3 g5 0-1